000 00900cam a2200241 4500
001 ABS64263
008 010808n2001 000 0 eng u
035 _a(Sirsi) u114035
245 _aRegional focus: a look at the state of the manufacturing sector in Scotland
260 _c2001
490 _aMachinery Market
_v(5252) 26 July 2001, 10-17(8)
520 _aExamines how the downturn in the US economy has affected Scottish manufacturing. Scotland is more vulnerable than the rest of the UK to economic decline taking place outside of the UK because four-fifths of its output comes from plants owned by overseas businesses.
590 _aABS
650 _aMANUFACTURING INDUSTRY
650 _aSCOTLAND
650 _aPLANTS
650 _aOVERSEAS COMPANIES
650 _aECONOMIC DECLINE
650 _aUS ECONOMY
650 _aENGINEERING
690 _aECONOMIC ISSUES
942 _n0
999 _c67969
_d67969